ՄԱՅՐ ԱԹՈՌ ՍՈՒՐԲ ԷՋՄԻԱԾԻՆ

«ՎԱՉԵ ԵՎ ԹԱՄԱՐ ՄԱՆՈՒԿՅԱՆ» ՄԱՏԵՆԱԴԱՐԱՆ

Кодекс о браке и семье армянской советской социалистической республики / (Record no. 76570)

MARC details
000 -LEADER
fixed length control field 00821nam a2200205 4500
003 - CONTROL NUMBER IDENTIFIER
control field SEM
005 - DATE AND TIME OF LATEST TRANSACTION
control field 20250603164239.0
008 - FIXED-LENGTH DATA ELEMENTS--GENERAL INFORMATION
fixed length control field 250603s1969 ai ||||gr||||||01|||rus|d
040 ## - CATALOGING SOURCE
Original cataloging agency SEM
Transcribing agency SEM
041 ## - LANGUAGE CODE
Language code of text/sound track or separate title rus
080 ## - UNIVERSAL DECIMAL CLASSIFICATION NUMBER
Universal Decimal Classification number 347.6(094.4)/K-58
245 ## - TITLE STATEMENT
Title Кодекс о браке и семье армянской советской социалистической республики /
Statement of responsibility, etc. Отв. ред.: В. Г. Данилов ; К. И. Иоаннесян
260 ## - PUBLICATION, DISTRIBUTION, ETC.
Place of publication, distribution, etc. Ереван :
Name of publisher, distributor, etc. «Айастан»,
Date of publication, distribution, etc. 1969.
300 ## - PHYSICAL DESCRIPTION
Extent 123 с. ;
Dimensions 17 см
650 ## - SUBJECT ADDED ENTRY--TOPICAL TERM
Topical term or geographic name entry element Семейное право
General subdivision кодексы законов
653 ## - INDEX TERM--UNCONTROLLED
Uncontrolled term ՍԷՄ
700 ## - ADDED ENTRY--PERSONAL NAME
Personal name Данилов, В. Г.
Relator term отв. ред.
Relationship resp. for edit.
700 ## - ADDED ENTRY--PERSONAL NAME
Personal name Иоаннесян, К. И
Relator term отв. ред.
Relationship resp. for edit.
942 ## - ADDED ENTRY ELEMENTS (KOHA)
Source of classification or shelving scheme Universal Decimal Classification
Koha item type Գրքեր/Books
Holdings
Withdrawn status Lost status Source of classification or shelving scheme Damaged status Not for loan Collection code Home library Current library Date acquired Inventory number Total Checkouts Full call number Barcode Date last seen Price effective from Koha item type Public note
    Universal Decimal Classification     Գրապահոց Մայր Աթոռ Սուրբ Էջմիածին «Վաչե և Թամար Մանուկյան» Մատենադարան Մայր Աթոռ Սուրբ Էջմիածին «Վաչե և Թամար Մանուկյան» Մատենադարան 03/06/2025 Рус-10529   347.6(094.4)/K-58 Рус-10529 03/06/2025 03/06/2025 Գրքեր/Books Սպասարկվում է ընթերցասրահ